000 00555nam a2200181 4500
001 132643
003 ES-MaACL
005 20230906194223.0
007 t|
008 070214s1977 sp r ||||1| spa d
100 1 _aRook, Arthur.
_999521
245 1 0 _aRecientes avances en Dermatología /
_cArthur Rook ; versión... Mª Teresa Estrach Panella.
250 _a1ª ed.
260 _aBarcelona :
_bJims,
_c1977.
300 _aXII, 471 p. :
_bil. ;
_c22 cm.
700 1 _aEstrach Panella, María Teresa.
_948189
852 _aES-MaACL
_jA-10749
_bR.100056
999 _c132643
_d132643